| 000 | 00921nam a22002417a 4500 | ||
|---|---|---|---|
| 999 |
_c22443 _d22443 |
||
| 003 | AR-CdUCM | ||
| 008 | 190425b ||||| |||| 00| 0 spa d | ||
| 020 | _a9786124814105 | ||
| 040 |
_aMUNICIPALIDAD PROVINCIAL DEL CUSCO _cBIBLIOTECA MUNICIPAL DEL CUSCO |
||
| 082 |
_a796.334092/T79 _bT79 |
||
| 100 |
_aTrelles Aréstegui, Efraín _930287 |
||
| 245 |
_aBalón y poder : _bLolo Fernández y el sueño colectivo de los peruanos en el siglo XX / _c[Efraín Trelles Aréstegui]. |
||
| 260 |
_aLima : _bColegio Trener, _bTarea Asociación Gráfica Educativa, _c2019. |
||
| 300 |
_a413 páginas, [24] páginas de láminas. : _bilustraciones ; _c22 cm. |
||
| 500 | _zBibliografía: p. 411-413. | ||
| 650 |
_aFernández, Lolo _948200 |
||
| 650 |
_aFutbolistas _948201 |
||
| 650 |
_aFútbol _948202 |
||
| 650 |
_aHistoria del Fútbol _912344 |
||
| 710 |
_aColegio Trener (Lima) _948203 |
||
| 942 |
_2ddc _cLIBROS |
||
| 945 | _arac | ||